Statistiques concernant les clubs de serie A 2022/2023

Cliquez ici pour prendre le quiz!

Statistiques générales

  • Ce quiz a été pris 345 fois
  • Le résultat moyen est 13 sur 20

Statistiques - réponses

Championnatclub% Correct
Serie AInter Milan
100%
Serie AMilan AC
99%
Serie AJuventus Turin
98%
Serie AAS Rome
92%
Serie ANaples
89%
Serie ALazio Rome
85%
Serie AFiorentina
72%
Serie ATorino
72%
Serie AAtalanta
68%
Serie ABologna
61%
Serie ASassuolo
59%
Serie AUdinese
55%
Serie AHellas verone
52%
Serie ASampdoria
51%
Serie ASalernitana
50%
Serie AAc Monza
46%
Serie ALecce
43%
Serie AEmpoli
37%
Serie ASpezia
27%
Serie ACremonese
22%

Distribution des résultats

Percentile par nombre de réponses

% des personnes avec chaque résultat

Votre développement - résultats

Vous n’avez pas pris ce quiz